Catálogo

Vista normal Vista MARC

Entrada Personal Name

Número de registros utilizados en: 2

001 - CONTROL NUMBER

  • control field: 17659

003 - CONTROL NUMBER IDENTIFIER

  • control field: DLC

005 - DATE AND TIME OF LATEST TRANSACTION

  • control field: 20251103092121.0

008 - FIXED-LENGTH DATA ELEMENTS

  • fixed length control field: 240719n| acannaabn |n aaa c

010 ## - LIBRARY OF CONGRESS CONTROL NUMBER

  • LC control number: no2024079342

035 ## - SYSTEM CONTROL NUMBER

  • System control number: (OCoLC)oca16280993

040 ## - CATALOGING SOURCE

  • Original cataloging agency: AR-BaFGC
  • Language of cataloging: spa
  • Transcribing agency: Mx-PuUPA
  • Modifying agency: OCoLC
  • Modifying agency: Mx-PuUPA
  • Description conventions: rda

100 1# - HEADING--PERSONAL NAME

  • Personal name: Ginestra, Emmanuel,

374 ## - OCCUPATION

  • Occupation: Autor

377 ## - ASSOCIATED LANGUAGE

  • Language code: spa

670 ## - SOURCE DATA FOUND

  • Source citation: Francesco Faà di Bruno, 2023:
  • Information found: title page (Emmanuel Ginestra) front cover flap (professor at Universidad Católica Argentina; Ph.D. in philosophy from Universidad Nacional de San Luis)